| 000 | 01001nam a22002057a 4500 | ||
|---|---|---|---|
| 999 |
_c58979 _d58979 |
||
| 003 | Ge_BSU | ||
| 005 | 20221027103433.0 | ||
| 008 | 221027s2000 ge ||||| |||| 00| 0 geo d | ||
| 020 | _a9992844450 | ||
| 041 | _ageo | ||
| 080 | _a32.001(075.8) ჯ-26 | ||
| 100 |
_aჯაფარიძე, შოთა _94625 |
||
| 245 |
_aპოლიტოლოგია : _bნაწ. 1 / _cშოთა ჯაფარიძე; რედ.: ვლადიმერ ჭანუყვაძე. ბსუ, ფილოსოფიის და პოლიტოლოგიის კათედრა. |
||
| 264 |
_aბათუმი : _bაჭარა, _c2000. |
||
| 300 |
_a360 გვ. ; _b20 სმ. |
||
| 653 | _aპოლიტოლოგია | ||
| 700 |
_a ჭანუყვაძე, ვლადიმერ _eრედაქტორი _915567 |
||
| 710 |
_aბსუ _bფილოსოფიის და პოლიტოლოგიის კათედრა. _915568 |
||
| 942 |
_2udc _cBK |
||